Charakterové typy člověka : terapeutická léčba raných poruch /

Hlavní autor: Johnson, Stephen M.
Jazyk: Čeština
Vydáno: Brno : Computer Press, c2007
Vydání: Vyd. 1.
Témata:
Externí odkaz: Digitalizovaný dokument
Fyzický popis: vii, 268 s. ; 23 cm
Knihy
Uloženo v:
LEADER 02329nam a2200601 a 4500
001 nkc20071715527
003 CZ PrNK
005 20070628162034.0
007 ta
008 070406s2007 xr f 001 0 cze
015 |a cnb001715527 
020 |a 978-80-251-1521-3  |q (brož.) 
035 |a (OCoLC)137330941 
040 |a OLA001  |b cze  |d ABA001 
041 1 |a cze  |h eng 
072 7 |a 615.8  |x Fyzioterapie. Psychoterapie. Alternativní lékařství  |2 Konspekt  |9 14 
080 |a 159.923.3  |2 MRF 
080 |a 159.923.2  |2 MRF 
080 |a 616.89-008.485  |2 MRF 
080 |a 616.89-053.2  |2 MRF 
080 |a 615.851-053.2  |2 MRF 
080 |a 159.964.2-053.2  |2 MRF 
080 |a (048.8)  |2 MRF 
100 1 |a Johnson, Stephen M.  |7 vse2005296675  |4 aut 
245 1 0 |a Charakterové typy člověka :  |b terapeutická léčba raných poruch /  |c Stephen M. Johnson ; [překlad Stanislav Ježek, Jakub Zeman] 
250 |a Vyd. 1. 
260 |a Brno :  |b Computer Press,  |c c2007 
300 |a vii, 268 s. ;  |c 23 cm 
500 |a Přeloženo z angličtiny 
500 |a Terminologický slovník 
504 |a Obsahuje bibliografii a rejstříky 
650 0 7 |a charakterologie  |7 ph119126  |2 czenas 
650 0 7 |a egopsychologie  |7 ph137004  |2 czenas 
650 0 7 |a poruchy osobnosti  |7 ph137001  |2 czenas 
650 0 7 |a dětská psychiatrie  |7 ph134750  |2 czenas 
650 0 7 |a dětská psychoterapie  |7 ph139172  |2 czenas 
650 0 7 |a dětská psychoanalýza  |7 ph332180  |2 czenas 
650 0 9 |a characterology  |2 eczenas 
650 0 9 |a ego psychology  |2 eczenas 
650 0 9 |a personality disorders  |2 eczenas 
650 0 9 |a pediatric psychiatry  |2 eczenas 
650 0 9 |a child psychotherapy  |2 eczenas 
650 0 9 |a child psychoanalysis  |2 eczenas 
655 7 |a monografie  |7 fd132842  |2 czenas 
655 9 |a monographs  |2 eczenas 
765 0 |t Characterological transformation  |9 Česky 
856 4 1 |u http://www.digitalniknihovna.cz/mzk/uuid/uuid:9a803320-977c-11e5-a715-005056827e52  |y Digitalizovaný dokument  |x NDK 
910 2 |a BOA001  |b 2-1185.270 
990 |a BK 
995 |a 01 
991 |b 200704  |c NOV 
996 6 |b 2610307428  |c 2-1185.270  |l Stud. humanitních věd/4.patr  |r Sklad / do 1 hodiny  |n 6  |p p.v.  |w 000847255  |u 000010  |a 1  |e BOA001  |j MZK50  |s P 
996 7 |b 2610307429  |c 2-1185.270  |l Vol.výběr  |r VV 0p  |n 77  |p p.v.  |h 615.851 JOH  |w 000847255  |u 000020  |a 0  |e BOA001  |j MZK50  |s A